01458 a2200229 4500003000500000005001700005010001600022020002200038040000900060082001800069100003300087245008200120260004700202300004600249505056100295650005500856650003400911942001200945999001900957952012600976952012601102Nust20221207151237.0 a 84014929 a0827323158 (pbk.) cNust00a621.38153,KIR1 aKirkpatrick, James M.96232110aElectronic Drafting and Printed Circuit Board Design /cJames M. Kirkpatrick. aAlbany, N.Y. :bDelmar Publishers,cc1985. avii, 262 p. :bill. (some col.) ;c28 cm. aBasic Drawing Tools, Materials and Skills (Page-1), Types the Electronic and Mechanical Drawing (Page-25), Block Diagrams (Page-43), Symbols for Schematic Diagrams (Page-57), Drawing Schematic Diagrams (Page-73), Logic Symbols and Drawings (Page-95), Interconnecting Diagrams (Page-109), Introduction to Printed Circuits Boards (Page-123), Design of Discrete Component Single Sided (Page-137), Design of a Double Sided PC Boards (Page-161), Standards Racks, Panels and Cases of Electronic (Page-187), Computer Aided Drafting for Electronics (Page-203).  0aPrinted circuitsxDesign and construction.9104358 0aTelecommunication Engineering 2ddccBK c182410d182410 00102ddc4070aMCSbMCScGENd2016-12-12o621.38153,KIRpMCS5440r2016-12-08w2016-12-12yBKzAlmirah No.34, Shelf No.3 00102ddc4070aMCSbMCScGENd2016-12-12o621.38153,KIRpMCS5441r2016-12-08w2016-12-12yBKzAlmirah No.34, Shelf No.3